书目信息 |
| 000 | 00430nam0 2200157 450 | |
| 001 | 0637365469 | |
| 005 | 20061106102451.60 | |
| 100 | @a20061106d km y0chiy0120 ea | |
| 101 | 0 | @achi |
| 200 | 1 | @a英法综合辞典@Aying fa zong he ci dian@f利氏学社编著@Fli shi xue she bian zhu |
| 215 | @a1册@d26cm | |
| 606 | 0 | @a法语 |
| 690 | @aH326@v3 | |
| 711 | 0 | @a利氏学社@Ali shi xue she@4编著 |
| 801 | 0 | @aCN@bPFT@c20061106 |
| 905 | @a10447@dH326@e211 | |
| 英法综合辞典/利氏学社编著 |
| 1册;26cm |
| ISBN : |
| ● |
| 相关链接 |
|
|
|
|
正题名:英法综合辞典
索取号:H326/211
 
预约/预借
| 序号 | 登录号 | 条形码 | 馆藏地/架位号 | 状态 | 备注 |
| 1 | 0049694 | 001135079 | 第二样本阅览室/ [索取号:H326/211] | 在馆 |